00868 2200337 4500001002100000005001700021008004100038020002200079035002400101040001300125041000800138082001100146090001700157100001400174245005600188250001100244260003200255300003400287504003000321600001900351990001600370990001600386990001600402990001600418990001600434990001600450990001600466990001600482990001600498990001600514YOGYA-1112000000039320121121113017.0 ind  a978-602-97869-1-0 0010-111200000000393 aYOPD DIY aIND a612.82 a612.82 Lub P aLUBIS, MS aPanduan pintar melatih dan mengasah otakcMS. Lubis aCet.1. aYogyakartabMahavhirac2011 a120 hlmbilusc21 cm (10 eks) aBibliografi : hlm.117-119 aAhmad cahyanto a211-PK/B.12 a212-PK/B.12 a213-PK/B.12 a214-PK/B.12 a215-PK/B.12 a216-PK/B.12 a217-PK/B.12 a218-PK/B.12 a219-PK/B.12 a220-PK/B.12